00979cam a22002897a 4500003000500000005001700005008004100022010000900063011000900072035000900081040000900090090001000099100003400109245007400143260004000217300001000257502008200267590003700349590004100386590004200427650002000469901000700489942001000496949004100506999001500547952012700562CHAP20220329133023.0971013s1988 r 00010 d a1352 a2324 a1517 cCHAP aTesis00aBaray Terrazas, Jaime.910071 0aManejo de los bosques inoctánicosb: una revisión bibliográfica aChapingo, Méx. :bEl autor,c1988 a23 h. aTesis (Ing. Agr. Esp. en Bosques). -- UACH. División de Ciencias Forestales aALEPHb10c20130110lUCH01h1208 aBATCH-UPDb10c20130110lUCH01h1400 aCONVERSIONb10c20130109lUCH01h130214aBosques.914002 aBK cTESIS bBCcTESd-11004eTS1h23201i1517si c1352d1352 00102local4051708TESISaBCbBCcPA_TESISd2019-12-31fTESISl0oTesisp-11004r2019-12-31 00:00:00w2019-12-31yTESIS